| 000 | 00817nam a22002177a 4500 | ||
|---|---|---|---|
| 999 |
_c5750 _d5750 |
||
| 003 | CISL | ||
| 005 | 20241112010826.0 | ||
| 008 | 241112t2022 ii |||g |||| 00| e ben d | ||
| 020 | _a9788195244362 | ||
| 040 | _cCISL | ||
| 082 |
_a891.4409 _222 _bPOA |
||
| 100 |
_aপো, এডগার অ্যালান ; _4Edgar Allan Poe |
||
| 245 |
_aএডগার অ্যালান পো রচনাসংগ্রহ - ২ / _cএডগার অ্যালান পো |
||
| 260 |
_aকলকাতা: _bফ্যানট্যাস্টিক ও কল্পবিশ্ব পাবলিকেশনস _c[c2022] |
||
| 300 |
_a440 p. : _billus. _c24 cm. |
||
| 650 | _xBengali literature | ||
| 650 | _xEssays | ||
| 650 | _zIndia | ||
| 700 | _4অদ্রীশ বর্ধন | ||
| 942 |
_2ddc _cBK |
||